Músicas Mamamoo - Statistics

Estatísticas Gerais
  • Esse quiz foi jogado 17 vezes
  • A pontuação média é 15 de 78
Estatísticas das Respostas
Resposta % Correto
Hip
92%
Gogobebe
77%
Starry Night
69%
Piano Man
62%
Décalcomanie
46%
Egotistic
46%
Taller Than You
46%
Yes I Am
46%
You're the Best
46%
Aze Gag
38%
Hello
38%
Hello
38%
Wind Flower
38%
Better
31%
I Miss You
31%
Be Calm
23%
Better than I thought
23%
Destiny
23%
Don't Be Happy
23%
Hello Mama
23%
Midnight Summer Dream
23%
Morning
23%
Mr. Ambiguous
23%
No More Drama
23%
Paint Me
23%
Peppermint Chocolate
23%
Rainy Season
23%
Selfish
23%
Sleep in the Car
23%
Ten Nights
23%
Universe
23%
Waggy
23%
ZzZz
23%
25
15%
4x4ever
15%
Ahh Oop
15%
Bad Bye
15%
Cat Fight
15%
High Tension
15%
I'm Your Fan
15%
Memory
15%
My Star
15%
New York
15%
Recipe
15%
Sky Sky
15%
Spring Fever
15%
4season
8%
A Little Bit
8%
Angel
8%
Dab Dab
8%
Emotion
8%
Finally
8%
Freakin Shoes
8%
Friday Night
8%
From Autumn to Winter
8%
From Winter to Spring
8%
Gentleman
8%
Heeheehaheho
8%
Just
8%
My Hometown
8%
Reality
8%
Rude Boy
8%
Star Wind Flower Sun
8%
Um Oh Ah Yeh
8%
Where R You
8%
Woo Hoo
8%
Words Don't Come Easy
8%
Baton Touch
0%
Da Ra Da
0%
Funky Boy
0%
Girl Crush
0%
I Do Me
0%
I Love Too
0%
Love & Hate
0%
Love Lane
0%
Moderato
0%
No No No
0%
Self Camera
0%
Nenhum quiz correspondente encontrado
Distribuição das Pontuações
Porcentagem de Pessoas com Cada Pontuação
Percentil de Números Respondidos
Sua Pontuação Histórica
Você não jogou esse quiz